NBA number 1 overall picks - Statistics

General Stats
  • This quiz has been taken 713 times
  • The average score is 11 of 17
Answer Stats
Answer % Correct
2015 T-Wolves Karl- Anthony Towns
91%
2011 Cavs Kyrie Irving
88%
2016 76ers Ben Simmons
87%
2003 Cavs Lebron James
85%
2012 Pelicans Anthony Davis
83%
2008 Bulls Derrick Rose
83%
2010 Wizards John Wall
80%
2009 Clippers Blake Griffin
77%
2013 Cavs Anthony Bennett
72%
2004 Magic Dwight Howard
65%
2007 Blazers Greg Oden
57%
2002 Rockets Yao Ming
56%
2005 Bucks Andrew Bogut
39%
2014 Cavs Andrew Wiggins
39%
2001 Wizards Kwame Brown
34%
2006 Raptors Andrea Bargnani
28%
2000 Nets Kenyon Martin
26%
No matching quizzes found
Score Distribution
Percent of People with Each Score
Percentile by Number Answered
Your Score History
You have not taken this quiz